[Event "IND-chT (Women) 21st"]
[Site "Dharamshala"]
[Date "2024.04.01"]
[Round "4.4"]
[White "Kirthika, B."]
[Black "Soumya, Swaminathan"]
[Result "0-1"]
[WhiteElo "1791"]
[BlackElo "2259"]
[PlyCount "100"]
[EventDate "2024.03.29"]
[EventType "team-swiss"]
[EventRounds "7"]
[EventCountry "IND"]
[SourceTitle "CB15_2024"]
[SourceDate "2024.04.10"]
[SourceVersion "1"]
[SourceVersionDate "2024.04.10"]
[SourceQuality "1"]
[WhiteTeam "Telangana (W)"]
[BlackTeam "Petroleum Sports PB (W)"]
[WhiteTeamCountry "IND"]
[BlackTeamCountry "IND"]

1. e4 c5 2. Nf3 Nc6 3. d4 cxd4 4. Nxd4 Qb6 5. Nb3 Nf6 6. Nc3 e6 7. Be3 Qc7 8. a3 a6 9. Be2 b5 10. 0-0 Be7 11. f4 d6 12. Bf3 Bb7 13. Qe2 0-0 14. Rad1 b4 15. axb4 Nxb4 16. Qf2 Nd7 17. Nc1 Bc6 18. Nd3 a5 19. Ra1 Qb7 20. Qe2 Rfd8 21. Kh1 Nb6 22. f5 Nxd3 23. cxd3 exf5 24. exf5 Bf6 25. Bxc6 Qxc6 26. Ne4 Be5 27. f6 d5 28. Qg4 g6 29. Ng5 d4 30. Rac1 Qd7 31. Qh4 h5 32. Bd2 Nd5 33. Ne4 Qg4 34. Qf2 Rdc8 35. h3 Qd7 36. Qh4 Rxc1 37. Bxc1 Rc8 38. Bd2 a4 39. Qg5 Qe6 40. Kg1 Rc6 41. Kh1 Nxf6 42. Nxf6+ Bxf6 43. Qf4 Bg7 44. Re1 Qf6 45. Qb8+ Kh7 46. Qb5 Rc2 47. Bg5 Qf2 48. Rg1 Qg3 49. Qd5 Rf2 50. Re1 Rf5 0-1

[Event "IND-ch U15 Girls 39th"]
[Site "Jalgaon"]
[Date "2023.12.31"]
[Round "6"]
[White "Avika, Panwar"]
[Black "Kirthika, B."]
[Result "0-1"]
[WhiteElo "1173"]
[BlackElo "1605"]
[PlyCount "60"]
[EventDate "2023.12.27"]
[EventType "swiss"]
[EventRounds "11"]
[EventCountry "IND"]
[SourceTitle "CB02_2024"]
[SourceDate "2024.01.10"]
[SourceVersion "1"]
[SourceVersionDate "2024.01.10"]
[SourceQuality "1"]

1. e4 c5 2. Nf3 d6 3. d4 cxd4 4. Nxd4 Nf6 5. Nc3 a6 6. Bg5 e6 7. f4 h6 8. Bh4 Qb6 9. Qd2 Qxb2 10. Rb1 Qa3 11. e5 dxe5 12. fxe5 Nd5 13. Nxd5 exd5 14. Rb3 Qa4 15. Nf3 Nc6 16. Be2 Qa5 17. c3 Bc5 18. Rf1 0-0 19. Bf2 Bxf2+ 20. Rxf2 Qc5 21. g4 Bxg4 22. Rg2 Bxf3 23. Bxf3 Nxe5 24. Bxd5 Rae8 25. Kd1 Rd8 26. c4 Nxc4 27. Rxg7+ Kxg7 28. Rg3+ Kh7 29. Qc2+ f5 30. Rg7+ Kxg7 0-1

[Event "IND-ch U15 Girls 39th"]
[Site "Jalgaon"]
[Date "2023.12.29"]
[Round "4"]
[White "Modipalli, Deekshitha"]
[Black "Kirthika, B."]
[Result "1/2-1/2"]
[WhiteElo "1394"]
[BlackElo "1605"]
[PlyCount "73"]
[EventDate "2023.12.27"]
[EventType "swiss"]
[EventRounds "11"]
[EventCountry "IND"]
[SourceTitle "CB02_2024"]
[SourceDate "2024.01.10"]
[SourceVersion "1"]
[SourceVersionDate "2024.01.10"]
[SourceQuality "1"]

1. d4 Nf6 2. c4 g6 3. Nc3 Bg7 4. Nf3 d6 5. Bg5 h6 6. Bh4 c5 7. d5 Qa5 8. Nd2 Bf5 9. f3 g5 10. Bf2 Nbd7 11. e4 Bh7 12. Be2 a6 13. h4 g4 14. Be3 gxf3 15. gxf3 Nh5 16. Qc2 Bd4 17. Nb3 Bxc3+ 18. bxc3 Qc7 19. Rg1 Nhf6 20. a4 Ne5 21. a5 Qd7 22. Kf2 0-0-0 23. Bf4 Ng6 24. Bg3 Nh5 25. Qd2 f5 26. f4 Nxg3 27. Rxg3 Kb8 28. h5 Nf8 29. e5 e6 30. Bf3 Qe7 31. Qe3 exd5 32. cxd5 Nd7 33. e6 Nf6 34. Rb1 Ne4+ 35. Bxe4 fxe4 36. Nd2 Qh4 37. Kg2 1/2-1/2

[Event "IND-ch (Women) 49th"]
[Site "Ahmedabad"]
[Date "2023.07.06"]
[Round "7"]
[White "Marium, Fatima"]
[Black "Kirthika, B."]
[Result "1/2-1/2"]
[WhiteElo "1771"]
[BlackElo "1422"]
[PlyCount "106"]
[EventDate "2023.06.30"]
[EventType "swiss"]
[EventRounds "11"]
[EventCountry "IND"]
[SourceTitle "CBM 215 Extra"]
[Source "ChessBase"]
[SourceDate "2023.09.30"]
[SourceVersion "1"]
[SourceVersionDate "2023.09.30"]
[SourceQuality "1"]

1. d4 Nf6 2. Nf3 g6 3. g3 Bg7 4. Bg2 0-0 5. 0-0 d6 6. c4 c6 7. Nc3 Bf5 8. b3 Ne4 9. Bb2 Nxc3 10. Bxc3 Be4 11. h4 Nd7 12. Qd2 e6 13. Rad1 Nf6 14. Bb4 Re8 15. Qf4 Bxf3 16. Bxf3 d5 17. h5 Nxh5 18. Bxh5 gxh5 19. Qf3 Qg5 20. Kg2 Qg4 21. Rh1 dxc4 22. bxc4 Rad8 23. e3 e5 24. Qxg4 hxg4 25. d5 cxd5 26. cxd5 e4 27. d6 Re5 28. Rd4 a5 29. Ba3 b5 30. Rd2 b4 31. Bb2 Rc5 32. Bxg7 Kxg7 33. Rhd1 Rd7 34. Rd5 Rxd5 35. Rxd5 Kg6 36. Rxa5 Rxd6 37. Rb5 Ra6 38. Rxb4 f5 39. a4 h5 40. Kf1 Kg5 41. Rd4 h4 42. gxh4+ Kxh4 43. Kg2 Ra5 44. Rb4 Kg5 45. Kg3 Ra8 46. Rc4 Ra7 47. Rc8 Rxa4 48. Rg8+ Kf6 49. Kf4 Ra2 50. Rf8+ Ke6 51. Kg3 Ke5 52. Re8+ Kf6 53. Rf8+ Ke5 1/2-1/2

[Event "Wch U12 Girls"]
[Site "Batumi"]
[Date "2022.09.23"]
[Round "7"]
[White "Li, Anna Sofie"]
[Black "Kirthika, B."]
[Result "1-0"]
[WhiteElo "1590"]
[BlackElo "1247"]
[PlyCount "57"]
[EventDate "2022.09.16"]
[EventType "swiss"]
[EventRounds "11"]
[EventCountry "GEO"]
[SourceTitle "EXT 2023"]
[Source "ChessBase"]
[SourceDate "2022.10.05"]
[SourceVersion "1"]
[SourceVersionDate "2022.10.05"]
[SourceQuality "1"]

1. e4 c5 2. Nf3 d6 3. d4 cxd4 4. Nxd4 Nf6 5. Nc3 a6 6. f3 e5 7. Nb3 Be6 8. Be3 Be7 9. Qd2 0-0 10. 0-0-0 Nbd7 11. g4 b5 12. g5 b4 13. Ne2 Ne8 14. h4 a5 15. Kb1 Qb8 16. h5 Nc5 17. g6 Nxb3 18. cxb3 a4 19. bxa4 Rxa4 20. b3 Ra3 21. Nc1 Nc7 22. h6 fxg6 23. hxg7 Rxf3 24. Qh2 h5 25. Qg2 Bg4 26. Be2 Rxe3 27. Bxg4 hxg4 28. Rh8+ Kxg7 29. Rxb8 1-0

[Event "Wch U12 Girls"]
[Site "Batumi"]
[Date "2022.09.20"]
[Round "5"]
[White "Kirthika, B."]
[Black "Deysel, Hannah"]
[Result "1-0"]
[WhiteElo "1247"]
[BlackElo "1036"]
[PlyCount "63"]
[EventDate "2022.09.16"]
[EventType "swiss"]
[EventRounds "11"]
[EventCountry "GEO"]
[SourceTitle "EXT 2023"]
[Source "ChessBase"]
[SourceDate "2022.10.05"]
[SourceVersion "1"]
[SourceVersionDate "2022.10.05"]
[SourceQuality "1"]

1. e4 c5 2. Nf3 e6 3. d4 cxd4 4. Nxd4 a6 5. Nc3 Qc7 6. Bd3 b5 7. 0-0 Bb7 8. Be3 Nf6 9. f3 Nc6 10. Nb3 Bd6 11. f4 Be7 12. e5 Nd5 13. Nxd5 exd5 14. Qg4 0-0 15. Nd4 Bc5 16. Nf5 Bxe3+ 17. Kh1 g6 18. Nxe3 Nd4 19. c3 Ne6 20. Nf5 Qd8 21. Nh6+ Kg7 22. f5 Nc5 23. f6+ Kh8 24. Bc2 d6 25. e6 Nxe6 26. Nxf7+ Rxf7 27. Qxe6 Qf8 28. Rae1 Bc6 29. Qg4 Rxf6 30. Qd4 Kg7 31. Rxf6 Qxf6 32. Re7+ 1-0

[Event "Wch U12 Girls"]
[Site "Batumi"]
[Date "2022.09.19"]
[Round "4"]
[White "Beber, Anja"]
[Black "Kirthika, B."]
[Result "1-0"]
[WhiteElo "1674"]
[BlackElo "1247"]
[PlyCount "57"]
[EventDate "2022.09.16"]
[EventType "swiss"]
[EventRounds "11"]
[EventCountry "GEO"]
[SourceTitle "EXT 2023"]
[Source "ChessBase"]
[SourceDate "2022.10.05"]
[SourceVersion "1"]
[SourceVersionDate "2022.10.05"]
[SourceQuality "1"]

1. e4 c5 2. Nc3 Nc6 3. Nf3 d6 4. d4 cxd4 5. Nxd4 Nf6 6. Be3 e5 7. Ndb5 a6 8. Na3 b5 9. Nd5 Nxd5 10. exd5 Ne7 11. c4 Nf5 12. Bd2 Qh4 13. Bd3 g6 14. cxb5 Bg7 15. Bc3 0-0 16. 0-0 e4 17. Bc2 axb5 18. Nxb5 Ba6 19. a4 Bxb5 20. axb5 Rxa1 21. Qxa1 Qg4 22. Qb1 Qg5 23. Bxe4 Bxc3 24. bxc3 Nh4 25. f4 Qe7 26. Qd3 Re8 27. Bf3 Nf5 28. Rb1 Nh4 29. b6 1-0